<?xml version="1.0" encoding="UTF-8"?>
<record
    xmlns:xsi="http://www.w3.org/2001/XMLSchema-instance"
    xsi:schemaLocation="http://www.loc.gov/MARC21/slim http://www.loc.gov/standards/marcxml/schema/MARC21slim.xsd"
    xmlns="http://www.loc.gov/MARC21/slim">

  <leader>00340nam a22001577a 4500</leader>
  <controlfield tag="003">SGT</controlfield>
  <datafield tag="020" ind1=" " ind2=" ">
    <subfield code="a">9789356060760</subfield>
  </datafield>
  <datafield tag="082" ind1=" " ind2=" ">
    <subfield code="a">150</subfield>
    <subfield code="b">P24C</subfield>
  </datafield>
  <datafield tag="100" ind1=" " ind2=" ">
    <subfield code="a">CICCARELLI, SAUNDRA K. </subfield>
  </datafield>
  <datafield tag="245" ind1=" " ind2=" ">
    <subfield code="a">PSYCHOLOGY</subfield>
  </datafield>
  <datafield tag="250" ind1=" " ind2=" ">
    <subfield code="a">6TH</subfield>
  </datafield>
  <datafield tag="260" ind1=" " ind2=" ">
    <subfield code="a">INDIA </subfield>
    <subfield code="b">PEARSON PUB </subfield>
    <subfield code="c">2024</subfield>
  </datafield>
  <datafield tag="300" ind1=" " ind2=" ">
    <subfield code="a">679</subfield>
  </datafield>
  <datafield tag="650" ind1=" " ind2=" ">
    <subfield code="a">CLINICAL PSYCHOLOGY</subfield>
  </datafield>
  <datafield tag="942" ind1=" " ind2=" ">
    <subfield code="2">ddc</subfield>
    <subfield code="c">BK</subfield>
    <subfield code="0">3</subfield>
  </datafield>
  <datafield tag="952" ind1=" " ind2=" ">
    <subfield code="0">0</subfield>
    <subfield code="1">0</subfield>
    <subfield code="2">ddc</subfield>
    <subfield code="4">0</subfield>
    <subfield code="7">1</subfield>
    <subfield code="8">MEDICAL</subfield>
    <subfield code="a">FM</subfield>
    <subfield code="b">FM</subfield>
    <subfield code="c">REF</subfield>
    <subfield code="d">2024-08-29</subfield>
    <subfield code="e">SAVERA BOOK DISTRIBUTORS</subfield>
    <subfield code="g">875.00</subfield>
    <subfield code="i">SGTU</subfield>
    <subfield code="o">150 P24C</subfield>
    <subfield code="p">FM14456</subfield>
    <subfield code="r">2024-08-29 00:00:00</subfield>
    <subfield code="w">2024-06-25</subfield>
    <subfield code="y">BK</subfield>
    <subfield code="k">24-24/CRB/186</subfield>
  </datafield>
  <datafield tag="952" ind1=" " ind2=" ">
    <subfield code="0">0</subfield>
    <subfield code="1">0</subfield>
    <subfield code="2">ddc</subfield>
    <subfield code="4">0</subfield>
    <subfield code="7">0</subfield>
    <subfield code="8">MEDICAL</subfield>
    <subfield code="a">FM</subfield>
    <subfield code="b">FM</subfield>
    <subfield code="c">TXT</subfield>
    <subfield code="d">2024-08-29</subfield>
    <subfield code="e">SAVERA BOOK DISTRIBUTORS</subfield>
    <subfield code="g">875.00</subfield>
    <subfield code="i">SGTU</subfield>
    <subfield code="l">2</subfield>
    <subfield code="o">150 P24C</subfield>
    <subfield code="p">FM14457</subfield>
    <subfield code="r">2026-03-05 00:00:00</subfield>
    <subfield code="s">2026-03-05</subfield>
    <subfield code="w">2024-06-25</subfield>
    <subfield code="y">BK</subfield>
    <subfield code="k">24-24/CRB/186</subfield>
  </datafield>
  <datafield tag="952" ind1=" " ind2=" ">
    <subfield code="0">0</subfield>
    <subfield code="1">0</subfield>
    <subfield code="2">ddc</subfield>
    <subfield code="4">0</subfield>
    <subfield code="7">0</subfield>
    <subfield code="8">MEDICAL</subfield>
    <subfield code="a">FM</subfield>
    <subfield code="b">FM</subfield>
    <subfield code="c">TXT</subfield>
    <subfield code="d">2024-08-29</subfield>
    <subfield code="e">SAVERA BOOK DISTRIBUTORS</subfield>
    <subfield code="g">875.00</subfield>
    <subfield code="i">SGTU</subfield>
    <subfield code="l">1</subfield>
    <subfield code="o">150 P24C</subfield>
    <subfield code="p">FM14458</subfield>
    <subfield code="r">2024-09-23 00:00:00</subfield>
    <subfield code="s">2024-09-20</subfield>
    <subfield code="w">2024-06-25</subfield>
    <subfield code="y">BK</subfield>
    <subfield code="k">24-24/CRB/186</subfield>
  </datafield>
  <datafield tag="952" ind1=" " ind2=" ">
    <subfield code="0">0</subfield>
    <subfield code="1">0</subfield>
    <subfield code="2">ddc</subfield>
    <subfield code="4">0</subfield>
    <subfield code="7">0</subfield>
    <subfield code="8">MEDICAL</subfield>
    <subfield code="a">FM</subfield>
    <subfield code="b">FM</subfield>
    <subfield code="c">TXT</subfield>
    <subfield code="d">2024-08-29</subfield>
    <subfield code="e">SAVERA BOOK DISTRIBUTORS</subfield>
    <subfield code="g">875.00</subfield>
    <subfield code="i">SGTU</subfield>
    <subfield code="l">1</subfield>
    <subfield code="o">150 P24C</subfield>
    <subfield code="p">FM14459</subfield>
    <subfield code="r">2025-12-23 00:00:00</subfield>
    <subfield code="s">2025-12-09</subfield>
    <subfield code="w">2024-06-25</subfield>
    <subfield code="y">BK</subfield>
    <subfield code="k">24-24/CRB/186</subfield>
  </datafield>
  <datafield tag="952" ind1=" " ind2=" ">
    <subfield code="0">0</subfield>
    <subfield code="1">0</subfield>
    <subfield code="2">ddc</subfield>
    <subfield code="4">0</subfield>
    <subfield code="7">0</subfield>
    <subfield code="8">MEDICAL</subfield>
    <subfield code="a">FM</subfield>
    <subfield code="b">FM</subfield>
    <subfield code="c">TXT</subfield>
    <subfield code="d">2024-08-29</subfield>
    <subfield code="e">SAVERA BOOK DISTRIBUTORS</subfield>
    <subfield code="g">875.00</subfield>
    <subfield code="i">SGTU</subfield>
    <subfield code="l">3</subfield>
    <subfield code="o">150 P24C</subfield>
    <subfield code="p">FM14460</subfield>
    <subfield code="r">2025-05-10 00:00:00</subfield>
    <subfield code="s">2025-04-26</subfield>
    <subfield code="w">2024-06-25</subfield>
    <subfield code="y">BK</subfield>
    <subfield code="k">24-24/CRB/186</subfield>
  </datafield>
  <datafield tag="999" ind1=" " ind2=" ">
    <subfield code="c">26851</subfield>
    <subfield code="d">26851</subfield>
  </datafield>
</record>
